00620nam a2200193 a 45000010005000000030009000050080041000140400028000550820019000831000022001022450010001242600061001343000010001954900018002056500021002239420012002449990017002569520153002732190CO-ViMGA141112s2004 ck r 000 u spa d aCO-ViMGAbspacCO-ViMGA04aCo863.44 R671p1 aRosa, Amira de la10aProsa aSantafé de Bogotá : bSimón y Lola Guberek, c1988 a206 p aLiteraria, 2714aPROSA COLOMBIANA 2ddccBK c14295d14295 00102ddc40708003aMEVIECARbMEVIECARd2015-12-04hVolumen. 1 | 11/jun/2009l0oCo863.44 R671p p2190r2018-05-18 00:00:00tEj. 1w2015-12-04yBK